[Event "2010 US Amateur West"]
[Site "?"]
[Date "2010.05.29"]
[Round "2.33"]
[White "Harris, Jennifer"]
[Black "Isoe, Kohta"]
[Result "1-0"]
[WhiteElo "1418"]
[BlackElo "1313"]
[PlyCount "75"]
[EventDate "2010.05.30"]
[SourceDate "2010.05.29"]

1. e4 c6 2. c4 d5 3. e5 Bf5 4. Nc3 e6 5. a3 c5 6. Nf3 Nc6 7. cxd5 exd5 8. Bb5
Nge7 9. d4 cxd4 10. Nxd4 a6 11. Nxf5 Nxf5 12. Bxc6+ bxc6 13. g4 Ne7 14. O-O g6
15. Bg5 Bg7 16. Bf6 O-O 17. Bxg7 Kxg7 18. Re1 d4 19. Ne2 c5 20. Nf4 Nd5 21. Qf3
Nxf4 22. Qxf4 f5 23. exf6+ Rxf6 24. Qe5 Qd6 25. Rac1 d3 26. Qxd6 Rxd6 27. Rxc5
d2 28. Rd1 Re8 29. Kf1 Rde6 30. Rxd2 Re1+ 31. Kg2 Rb1 32. Ra5 Rb8 33. b4 Rb6
34. Rd7+ Kh6 35. g5+ Kh5 36. Rxh7+ Kg4 37. h3+ Kf4 38. Rh4# 1-0

[Event "2010 US Amateur West"]
[Site "?"]
[Date "2010.05.29"]
[Round "2.28"]
[White "Matthews, Nikola"]
[Black "Kuhnel, Martin"]
[Result "0-1"]
[WhiteElo "1486"]
[BlackElo "1381"]
[PlyCount "26"]
[EventDate "2010.05.30"]
[SourceDate "2010.05.29"]

1. d4 Nf6 2. Nf3 e6 3. Bf4 b6 4. e3 Bb7 5. c4 Bb4+ 6. Nc3 O-O 7. Bd3 d6 8. O-O
Nbd7 9. Qc2 Bxc3 10. Qxc3 Rc8 11. Rae1 Qe7 12. b4 e5 13. Bg3 e4 0-1

[Event "2010 US Amateur West"]
[Site "?"]
[Date "2010.05.29"]
[Round "2.54"]
[White "Wilhelm, Jeffery"]
[Black "Sherman, Eugene"]
[Result "1-0"]
[WhiteElo "560"]
[BlackElo "996"]
[Annotator "Farmer,Steve"]
[PlyCount "48"]
[EventDate "2010.05.30"]
[SourceDate "2010.05.29"]

1. c4 f5 2. g3 Nf6 3. Nc3 g6 4. Bg2 Bg7 5. d3 d6 6. Bf4 e5 7. Bg5 h6 8. Bxf6
Bxf6 9. e4 Be6 10. exf5 Bc8 11. fxg6 c6 12. Qh5 Bg7 13. O-O-O Qg5+ 14. Qxg5
hxg5 15. Nge2 Bf5 16. Be4 Rf8 17. Rhe1 Bxe4 18. Nxe4 g4 19. Nxd6+ Ke7 20. Nf7
Nd7 21. Nf4 Ke8 22. Ne6 Rg8 23. Nc7+ Ke7 24. Nxa8 Rxa8 {
White went on to win at move 51.} 1-0

[Event "2010 US Amateur West"]
[Site "?"]
[Date "2010.05.29"]
[Round "2.5"]
[White "Laforona, Joe"]
[Black "Savine, Pavel"]
[Result "0-1"]
[WhiteElo "1842"]
[BlackElo "2012"]
[Annotator "Farmer,Steve"]
[PlyCount "57"]
[EventDate "2010.05.30"]
[SourceDate "2010.05.29"]

1. d4 Nf6 2. Bg5 c5 3. Bxf6 gxf6 4. c3 Qb6 5. Qb3 Nc6 6. e3 d6 7. Nd2 Be6 8.
dxc5 dxc5 9. Bc4 Ne5 10. Bxe6 fxe6 11. Qxb6 axb6 12. Ke2 O-O-O 13. Ngf3 Nd3 14.
b3 Rg8 15. a3 e5 16. Ne1 Nxf2 17. Rf1 Ng4 18. h3 Nh6 19. g4 Nf7 20. Nef3 Nd6
21. Rad1 Kc7 22. Nh4 Ra8 23. Ra1 Bg7 24. c4 e6 25. a4 Kd7 26. Rad1 Ke7 27. e4
Bh6 28. Kf3 Raf8 29. Rfe1 {
The score is inaccurate here, but Black went on to win by move 36.} 0-1

[Event "US Am West 2010"]
[Site "?"]
[Date "2010.05.29"]
[Round "3.8"]
[White "Hernandez, Jason"]
[Black "Nguyen, Vincent"]
[Result "1/2-1/2"]
[WhiteElo "1632"]
[BlackElo "1863"]
[Annotator "Farmer,Steve"]
[PlyCount "112"]
[EventDate "2010.05.30"]
[SourceDate "2010.05.29"]

1. e4 c5 2. Nf3 Nc6 3. d4 cxd4 4. Nxd4 e5 5. Nf3 Nf6 6. Bg5 h6 7. Bxf6 Qxf6 8.
Bc4 Qg6 9. Qd5 d6 10. O-O Be7 11. c3 O-O 12. Kh1 a6 13. Nbd2 Kh8 14. Ng1 Be6
15. Qd3 Bxc4 16. Qxc4 f5 17. f3 f4 18. Rfd1 Qf6 19. Qb3 b5 20. Ne2 Rfc8 21. Qd5
Ra7 22. b3 Rac7 23. a4 b4 24. Nc4 bxc3 25. Nxc3 Nd4 26. Rab1 Nxb3 27. Nb6 Rc5
28. Qb7 R8c7 29. Qb8+ Qf8 30. Qxf8+ Bxf8 31. Ncd5 Rxd5 32. Nxd5 Rb7 33. Rd3 Nc5
34. Rxb7 Nxb7 35. Kg1 Kg8 36. Kf2 Nc5 37. Ra3 Kf7 38. Ke2 g5 39. Nc3 h5 40. h3
g4 41. hxg4 hxg4 42. fxg4 Kg6 43. Kf3 Kg5 44. Ne2 d5 45. exd5 e4+ 46. Kf2 Nd3+
47. Rxd3 exd3 48. Nc3 Kxg4 49. Ne4 Be7 50. d6 Bh4+ 51. Kf1 f3 52. d7 fxg2+ 53.
Kxg2 Kf4 54. Nc3 Ke3 55. Kf1 Kd2 56. Ne4+ Kc2 {Draw Agreed} 1/2-1/2

[Event "US Am West 2010"]
[Site "?"]
[Date "2010.05.??"]
[Round "3.21"]
[White "Shevelev, Michael"]
[Black "Bommireddy, Sreeker"]
[Result "1-0"]
[WhiteElo "1687"]
[BlackElo "1481"]
[Annotator "Farmer,Steve"]
[PlyCount "120"]
[EventDate "2010.05.30"]
[SourceDate "2010.05.29"]

1. e4 c5 2. c3 d5 3. exd5 Qxd5 4. d4 Nc6 5. Nf3 Bg4 6. Be2 e6 7. Na3 Be7 8. Nc2
cxd4 9. Ncxd4 Nxd4 10. Qxd4 Bxf3 11. Bxf3 Qxd4 12. cxd4 Rd8 13. Be3 Bb4+ 14.
Ke2 b6 15. Rac1 Ne7 16. Rc7 Rd7 17. Bc6 Nxc6 18. Rxc6 Ke7 19. Rhc1 Rhd8 20. h3
h6 21. a4 f5 22. Rc7 Rxc7 23. Rxc7+ Rd7 24. Rxd7+ Kxd7 25. Kd3 Kd6 26. Kc4 a5
27. Bf4+ Kc6 28. f3 h5 29. Bg5 g6 30. Bh6 Be7 31. Bd2 h4 32. Bf4 Bf6 33. Bh6
Be7 34. Bg7 Bg5 35. Bf8 Bd2 36. Be7 g5 37. Kd3 Bf4 38. b4 axb4 39. Bxb4 Bd6 40.
Bd2 Be7 41. Kc4 Bf6 42. Be3 Be7 43. Bd2 Bf6 44. Bc1 Be7 45. Bb2 Bf6 46. Ba3 Bd8
47. Bb4 Bf6 48. a5 bxa5 49. Bxa5 Be7 50. Bd2 Bf6 51. Bb4 Bd8 52. Bf8 Bf6 53.
Bh6 Be7 54. Bg7 Bd8 55. Be5 Be7 56. g3 Bd6 57. gxh4 Bxe5 58. dxe5 gxh4 59. f4
Kd7 60. Kb5 Kc7 {White went on to win.} 1-0

[Event "US Am West 2010"]
[Site "?"]
[Date "2010.05.29"]
[Round "3.1"]
[White "Hu, Bryan"]
[Black "Savine, Pavel"]
[Result "1/2-1/2"]
[WhiteElo "2180"]
[BlackElo "2012"]
[PlyCount "61"]
[EventDate "2010.05.30"]
[SourceDate "2010.05.29"]

1. d4 Nf6 2. c4 c5 3. d5 b5 4. cxb5 a6 5. bxa6 g6 6. Nc3 Bxa6 7. e4 Bxf1 8.
Kxf1 d6 9. g3 Bg7 10. Kg2 Nbd7 11. h3 O-O 12. Nf3 Nb6 13. Re1 Qd7 14. Kh2 Na4
15. Nxa4 Rxa4 16. e5 Ne4 17. Qc2 f5 18. exf6 Nxf6 19. Ng5 Nxd5 20. Ne6 Rf5 21.
Nxg7 Kxg7 22. f4 Rd4 23. a3 e5 24. fxe5 dxe5 25. Re2 Rh5 26. h4 Nf4 27. Bxf4
exf4 28. Rae1 Qg4 29. Qb3 Kh6 30. Rg2 c4 31. Qb4 1/2-1/2

[Event "US Am West 2010"]
[Site "?"]
[Date "2010.05.30"]
[Round "3.3"]
[White "Peavy, Fletcher"]
[Black "Lebovitz, Andy"]
[Result "0-1"]
[WhiteElo "1971"]
[BlackElo "2061"]
[PlyCount "52"]
[EventDate "2010.05.30"]
[SourceDate "2010.05.29"]

1. c4 c5 2. Nf3 Nc6 3. d4 cxd4 4. Nxd4 Nf6 5. Nc3 e6 6. Nc2 d5 7. Bg5 d4 8. Nb5
e5 9. g3 a6 10. Nba3 e4 11. Nb1 e3 12. Bxf6 exf2+ 13. Kxf2 Qxf6+ 14. Ke1 Bc5
15. Nca3 d3 16. Qxd3 Qf2+ 17. Kd1 Bf5 18. Qf3 O-O-O+ 19. Nd2 Rxd2+ 20. Kxd2
Rd8+ 21. Kc3 Qd4+ 22. Kb3 Na5+ 23. Ka4 Bd7+ 24. Kxa5 Bb6+ 25. Kb4 Qxb2+ 26. Qb3
a5# 0-1

[Event "US Am West 2010"]
[Site "?"]
[Date "2010.05.30"]
[Round "3.7"]
[White "Douthat, John"]
[Black "Lebovitz, Laurence"]
[Result "0-1"]
[WhiteElo "1970"]
[BlackElo "1656"]
[Annotator "Farmer,Steve"]
[PlyCount "66"]
[EventDate "2010.05.30"]
[SourceDate "2010.05.29"]

1. Nf3 f5 2. c4 Nf6 3. Nc3 e6 4. d3 Bb4 5. Bd2 O-O 6. a3 Bxc3 7. Bxc3 b6 8. e3
Bb7 9. Be2 Qe8 10. Qd2 d6 11. Bxf6 Rxf6 12. O-O-O Nd7 13. Rhg1 e5 14. Ne1 Nc5
15. Kb1 a5 16. Nc2 f4 17. Bf3 fxe3 18. Qxe3 Bxf3 19. gxf3 Qh5 20. Rg4 Raf8 21.
Rdg1 g6 22. Ne1 Ne6 23. Qe4 Nd4 24. R1g3 Kg7 25. h4 Rf4 26. Qb7 R8f7 27. Rg5
Qxh4 28. Ka2 Qh6 29. Qc8 Nf5 30. Rg1 Qh2 31. R5g2 Qh4 32. Qe6 Qf6 33. Qe8 Nd4 {
Black won on time.} 0-1

[Event "US Am West 2010"]
[Site "?"]
[Date "2010.05.30"]
[Round "3.15"]
[White "DeSa, Jacquelyn"]
[Black "Wright, John"]
[Result "1/2-1/2"]
[WhiteElo "1580"]
[BlackElo "1810"]
[PlyCount "73"]
[EventDate "2010.05.30"]
[SourceDate "2010.05.29"]

1. e4 c6 2. d4 d5 3. exd5 cxd5 4. c4 Nf6 5. Nc3 Nc6 6. cxd5 Nxd5 7. Bb5 Qd6 8.
Qa4 Bd7 9. Nf3 Nb6 10. Qd1 a6 11. Bxc6 Bxc6 12. O-O g6 13. Ne5 Bg7 14. Bf4 Qf6
15. g3 O-O 16. Qb3 Nd7 17. Nxd7 Bxd7 18. Be5 Qe6 19. Qd1 Bxe5 20. dxe5 Bc6 21.
Re1 Rfd8 22. Qe2 Rd4 23. Rad1 Rad8 24. f4 h5 25. h3 Qf5 26. Qf1 Kg7 27. Rxd4
Rxd4 28. Ne2 Rd2 29. a3 Qc2 30. f5 Bb5 31. f6+ exf6 32. Qxf6+ Kg8 33. e6 fxe6
34. Qxe6+ Kh7 35. Qf7+ Kh6 36. Qf8+ Kh7 37. Qf7+ 1/2-1/2

[Event "US Am West 2010"]
[Site "?"]
[Date "2010.05.30"]
[Round "3.4"]
[White "Motta, Paul"]
[Black "Eng, Randel"]
[Result "0-1"]
[WhiteElo "1909"]
[BlackElo "2089"]
[PlyCount "56"]
[EventDate "2010.05.30"]
[SourceDate "2010.05.29"]

1. d4 d5 2. e4 dxe4 3. Nc3 Nf6 4. f3 exf3 5. Nxf3 e6 6. Bg5 Be7 7. Bd3 Nbd7 8.
O-O h6 9. Bd2 b6 10. Qe2 Bb7 11. Rae1 O-O 12. Ne5 c5 13. Nxf7 Rxf7 14. Qxe6 Nf8
15. Qb3 Qxd4+ 16. Be3 Qb4 17. Bc4 Qxb3 18. axb3 Ng6 19. Bc1 Rd8 20. Be6 Rd6 21.
Bxf7+ Kxf7 22. Nb5 Rd7 23. Rd1 Rxd1 24. Rxd1 Be4 25. c3 Bc2 26. Re1 a6 27. Nc7
Bxb3 28. Nxa6 Bd6 0-1

[Event "US Am West 2010"]
[Site "?"]
[Date "2010.05.30"]
[Round "3.12"]
[White "Collins, Ed"]
[Black "Lafornara, Joe"]
[Result "1/2-1/2"]
[WhiteElo "1690"]
[BlackElo "1842"]
[PlyCount "62"]
[EventDate "2010.05.30"]
[SourceDate "2010.05.29"]

1. d4 f5 2. Nf3 Nf6 3. e3 g6 4. c4 Bg7 5. Nc3 O-O 6. Qc2 d6 7. Bd3 Nc6 8. a3 a5
9. O-O Bd7 10. d5 Ne5 11. Nxe5 dxe5 12. e4 f4 13. f3 g5 14. c5 Qe8 15. Qb3 Qc8
16. c6 bxc6 17. dxc6+ Be6 18. Bc4 Bxc4 19. Qxc4+ e6 20. Na4 Rd8 21. b3 Ne8 22.
Nc5 Rd6 23. Nb7 Rd4 24. Qc2 Nd6 25. Bb2 Nxb7 26. cxb7 Qxb7 27. Bxd4 exd4 28.
Qc4 Qb6 29. Rad1 Bf8 30. Kh1 Rd8 31. a4 Bb4 1/2-1/2

[Event "US Am West 2010"]
[Site "?"]
[Date "2010.05.30"]
[Round "3.17"]
[White "Katzel, Dan"]
[Black "Wang, Xiexin"]
[Result "1/2-1/2"]
[WhiteElo "1762"]
[BlackElo "2532"]
[PlyCount "94"]
[EventDate "2010.05.30"]
[SourceDate "2010.05.29"]

1. d4 d5 2. Nf3 Nf6 3. Bf4 Bf5 4. e3 e6 5. Bd3 Bxd3 6. Qxd3 Nbd7 7. O-O Be7 8.
Nbd2 O-O 9. c4 c6 10. Rac1 Nh5 11. c5 Nxf4 12. exf4 h6 13. b4 b6 14. Ne5 Nxe5
15. fxe5 bxc5 16. bxc5 f6 17. f4 Rb8 18. Nb3 fxe5 19. fxe5 Qe8 20. Rxf8+ Bxf8
21. Qa6 Qc8 22. Qxc8 Rxc8 23. Na5 Be7 24. Rb1 Bg5 25. Kf2 Bd2 26. Nb3 Bg5 27.
g3 Kf7 28. h4 Bd8 29. Nd2 Kg6 30. Rb7 Rc7 31. Rxc7 Bxc7 32. Kf3 Ba5 33. Nb3 Bb4
34. g4 h5 35. Kg3 hxg4 36. Kxg4 Kh6 37. Nc1 Bc3 38. Ne2 Bb2 39. Kf3 g5 40.
hxg5+ Kxg5 41. Ke3 Kf5 42. Kd3 Kg4 43. Ke3 Kf5 44. Ng3+ Kg4 45. Ne2 Kf5 46. Kd3
Kg4 47. Ke3 Kf5 1/2-1/2

[Event "US Am West 2010"]
[Site "?"]
[Date "2010.05.30"]
[Round "3.22"]
[White "Li, Ethan"]
[Black "Kurfman, David"]
[Result "0-1"]
[WhiteElo "1546"]
[BlackElo "1665"]
[PlyCount "70"]
[EventDate "2010.05.30"]
[SourceDate "2010.05.29"]

1. e4 e5 2. Nf3 Nc6 3. Bc4 Nf6 4. Ng5 d5 5. exd5 Nd4 6. c3 b5 7. Bf1 Nxd5 8.
Nxf7 Kxf7 9. cxd4 e4 10. Nc3 Nf6 11. Nxb5 c6 12. Nc3 Qxd4 13. Be2 Bd6 14. O-O
Rd8 15. h3 Qe5 16. Bc4+ Kf8 17. f4 exf3 18. Qxf3 Qh2+ 19. Kf2 Re8 20. d4 c5 21.
Be3 cxd4 22. Bxd4 Rb8 23. b3 Bb7 24. Bd5 Bxd5 25. Nxd5 Rbc8 26. Rfc1 Bg3+ 27.
Kf1 Rxc1+ 28. Rxc1 Qh1+ 29. Bg1 Bh2 30. Kf2 Be5 31. Rd1 Kg8 32. Nxf6+ Bxf6 33.
Qd5+ Kh8 34. Re1 Bh4+ 35. g3 Rf8+ 0-1

[Event "US Am West 2010"]
[Site "?"]
[Date "2010.05.30"]
[Round "3.16"]
[White "McGahee, Ben"]
[Black "Boteo, Trujillo"]
[Result "1/2-1/2"]
[WhiteElo "1545"]
[BlackElo "1765"]
[Annotator "Farmer,Steve"]
[PlyCount "95"]
[EventDate "2010.05.30"]
[SourceDate "2010.05.29"]

1. e4 c5 2. Nf3 d6 3. d4 cxd4 4. Nxd4 g6 5. Nc3 Bg7 6. Be2 Nc6 7. Be3 Nf6 8.
O-O O-O 9. a3 a6 10. Rb1 Qc7 11. Bf3 Ne5 12. Nd5 Nxd5 13. exd5 Nxf3+ 14. Nxf3
Bg4 15. c3 Qc4 16. h3 Bxf3 17. Qxf3 e5 18. dxe6 fxe6 19. Qd1 Be5 20. Bd4 Bxd4
21. Qxd4 Qxd4 22. cxd4 Rf4 23. Rfe1 Kf7 24. Rbd1 Rc8 25. g3 Rf5 26. Rd2 Rc4 27.
Kg2 Rd5 28. Re4 b5 29. b3 Rc1 30. Re3 Ra1 31. b4 e5 32. Red3 Rxd4 33. Rxd4 exd4
34. Rxd4 Rxa3 35. Rxd6 Ra4 36. Kf3 Rxb4 37. Rxa6 Rb1 $11 38. Rb6 b4 39. Ke2 b3
40. Kd3 Rb2 41. Kc3 Rxf2 42. Rxb3 Rf3+ 43. Kc4 Rxb3 44. Kxb3 Ke6 45. Kc3 Kf5
46. Kd3 h5 47. Ke3 g5 48. Kf3 1/2-1/2

[Event "US Am West 2010"]
[Site "?"]
[Date "2010.05.30"]
[Round "3.2"]
[White "Orlowski, Jesse"]
[Black "Kruml, Joe"]
[Result "0-1"]
[WhiteElo "1994"]
[BlackElo "2170"]
[PlyCount "44"]
[EventDate "2010.05.30"]
[SourceDate "2010.05.29"]

1. e4 c5 2. c3 Nf6 3. e5 Nd5 4. d4 cxd4 5. cxd4 e6 6. Nc3 Nxc3 7. bxc3 Qc7 8.
Bd2 b6 9. Bd3 Bb7 10. Qg4 Ba6 11. Be4 Qc4 12. Nh3 Nc6 13. Nf4 Nxe5 14. Qg5 f6
15. Qh5+ g6 16. Qh4 O-O-O 17. Qxf6 Bd6 18. Kd1 Ng4 19. Qh4 Bxf4 20. Qxg4 Bxd2
21. Kxd2 Rhf8 22. Bf3 Qd3+ 0-1

[Event "US Am West 2010"]
[Site "?"]
[Date "2010.05.30"]
[Round "3.19"]
[White "Gengler, Kenneth"]
[Black "Thompson, Buddy"]
[Result "0-1"]
[WhiteElo "1325"]
[BlackElo "1840"]
[Annotator "Farmer,Steve"]
[PlyCount "43"]
[EventDate "2010.05.30"]
[SourceDate "2010.05.29"]

1. d4 e6 2. c4 Nf6 3. Nc3 Bb4 4. Qc2 O-O 5. a3 Be7 6. e4 d6 7. Bd3 e5 8. Nf3
Nbd7 9. Be3 Re8 10. h3 c6 11. O-O-O Qa5 12. g4 b5 13. cxb5 cxb5 14. Bxb5 Bb7
15. dxe5 Bxe4 16. Bd3 Bxf3 17. exf6 Bxf6 18. Bxh7+ Kh8 19. Be4 Bxe4 20. Nxe4
Rac8 21. Nc3 Bxc3 22. Kb1 {
The score is inaccurate at this point, Black went on to win.} 0-1

[Event "US Am West 2010"]
[Site "?"]
[Date "2010.05.30"]
[Round "3.23"]
[White "Nguyen, Kendrick"]
[Black "Crenshaw, Russ"]
[Result "1-0"]
[WhiteElo "1602"]
[BlackElo "1547"]
[PlyCount "83"]
[EventDate "2010.05.30"]
[SourceDate "2010.05.29"]

1. Nf3 d5 2. b3 Nf6 3. Bb2 g6 4. g3 Bg7 5. Bg2 c6 6. O-O O-O 7. c4 Bf5 8. Nc3
dxc4 9. bxc4 Qc8 10. d4 Bh3 11. e4 Bxg2 12. Kxg2 e6 13. Ne5 Nbd7 14. f4 Rd8 15.
Qf3 Nb6 16. Rad1 Qc7 17. Ba3 Nfd7 18. Qe2 Nxe5 19. fxe5 Bf8 20. Bc1 c5 21. Nb5
Qe7 22. Nd6 cxd4 23. Rxf7 Qxf7 24. Nxf7 Kxf7 25. Qf2+ Kg8 26. Rxd4 Bg7 27. Bg5
Rf8 28. Bf6 Rf7 29. g4 g5 30. Qd2 Bxf6 31. exf6 Rxf6 32. Qxg5+ Kf7 33. c5 Rg8
34. Qh5+ Rfg6 35. cxb6 Ke7 36. h3 axb6 37. Qxh7+ R8g7 38. Qh4+ Rg5 39. Rb4 Kd6
40. Rxb6+ Kc5 41. Qf2+ Kc4 42. Qc2+ 1-0

[Event "US Am West 2010"]
[Site "?"]
[Date "2010.05.30"]
[Round "3.18"]
[White "Wang, Kavid"]
[Black "Booher, Jonathan"]
[Result "0-1"]
[WhiteElo "1476"]
[BlackElo "1730"]
[PlyCount "58"]
[EventDate "2010.05.30"]
[SourceDate "2010.05.29"]

1. d4 Nf6 2. c4 g6 3. Nc3 Bg7 4. e4 d6 5. f4 O-O 6. Nf3 c5 7. d5 e6 8. Bd3 exd5
9. cxd5 Bg4 10. Be3 Re8 11. Qc2 Nxe4 12. Bxe4 f5 13. O-O fxe4 14. Nd2 Na6 15.
h3 Nb4 16. Qb3 Bd7 17. Ncxe4 Bf5 18. Ng3 Rxe3 19. Qd1 Rxg3 20. Kh2 Re3 21. Nc4
Re8 22. a3 Nc2 23. Rc1 b5 24. Rxc2 Bxc2 25. Qxc2 bxc4 26. Qxc4 Bd4 27. b4 Qe7
28. bxc5 Bxc5 29. a4 Qe2 0-1

[Event "US Am West 2010"]
[Site "?"]
[Date "2010.05.30"]
[Round "3.13"]
[White "Ostapuk, Steve"]
[Black "Wang, Kinsleigh"]
[Result "1-0"]
[WhiteElo "1594"]
[BlackElo "1833"]
[PlyCount "37"]
[EventDate "2010.05.30"]
[SourceDate "2010.05.29"]

1. d4 d5 2. Bf4 c6 3. Nf3 Nf6 4. e3 Bg4 5. Be2 e6 6. O-O Be7 7. h3 Bh5 8. Nbd2
O-O 9. c4 Re8 10. cxd5 exd5 11. Ne5 Bxe2 12. Qxe2 Bd6 13. Ndf3 Ne4 14. Nd2 f6
15. Nxe4 dxe4 16. Qc4+ Re6 17. Qxe6+ Kh8 18. Nf7+ Kg8 19. Nxd8+ 1-0

[Event "US Am West 2010"]
[Site "?"]
[Date "2010.05.29"]
[Round "2.12"]
[White "Wright, John"]
[Black "Katzel, Dan"]
[Result "1/2-1/2"]
[WhiteElo "1610"]
[BlackElo "1762"]
[Annotator "Farmer,Steve"]
[PlyCount "42"]
[EventDate "2010.05.30"]
[SourceDate "2010.05.29"]

1. Nf3 Nf6 2. g3 d5 3. Bg2 c5 4. O-O Nc6 5. d4 e6 6. c4 cxd4 7. cxd5 exd5 8.
Nxd4 Be7 9. Nc3 O-O 10. Be3 Nxd4 11. Bxd4 Be6 12. Qd2 Qd7 13. Rfd1 Rfd8 14.
Rac1 Ne4 15. Qd3 Nxc3 16. Rxc3 Bb4 17. Rcc1 a5 18. a3 Bd6 19. Bb6 Rdc8 20.
Rxc8+ Rxc8 21. Bxd5 Be7 {
The game score is illegible at this point. That game was later agreed drawn.}
1/2-1/2

[Event "US Am West 2010"]
[Site "?"]
[Date "2010.05.30"]
[Round "3.41"]
[White "Caid, James"]
[Black "Green Sr., James"]
[Result "1-0"]
[WhiteElo "1552"]
[BlackElo "1163"]
[Annotator "Farmer,Steve"]
[PlyCount "60"]
[EventDate "2010.05.30"]
[SourceDate "2010.05.29"]

1. Nf3 d5 2. c4 dxc4 3. e3 Nc6 4. Bxc4 e6 5. d4 Nf6 6. b3 Ne4 7. Bb2 Bb4+ 8.
Nbd2 Nxd2 9. Nxd2 Qg5 10. O-O O-O 11. Nf3 Qe7 12. a3 Bd6 13. e4 f6 14. b4 Rd8
15. Qc2 Kh8 16. Rfe1 Qe8 17. e5 fxe5 18. Ng5 g6 19. Nf3 a6 20. Nxe5 Bxe5 21.
dxe5 b5 22. Bb3 Bb7 23. Rad1 Rd7 24. Rxd7 Qxd7 25. Rd1 Qe8 26. Rd3 Rd8 27. Qd2
Rxd3 28. Qxd3 Kg7 29. f4 Kf8 30. g3 Ke7 {
Score incorrect at this point, White went on to win.} 1-0

[Event "US Am West 2010"]
[Site "?"]
[Date "2010.05.30"]
[Round "3.36"]
[White "Belche, Donald"]
[Black "Broyles, James"]
[Result "0-1"]
[WhiteElo "1321"]
[BlackElo "1500"]
[PlyCount "96"]
[EventDate "2010.05.30"]
[SourceDate "2010.05.29"]

1. Nf3 d5 2. d4 Nf6 3. e3 e6 4. c4 c6 5. Nc3 Nbd7 6. a3 Bd6 7. Bd3 O-O 8. O-O
dxc4 9. Bxc4 Qc7 10. e4 e5 11. d5 Nb6 12. Bb3 Bg4 13. dxc6 bxc6 14. Be3 Rad8
15. Rc1 Qb7 16. h3 Bh5 17. g4 Bg6 18. g5 Nxe4 19. Qe1 Rfe8 20. Nh4 Nxc3 21.
Nxg6 Ncd5 22. Nh4 Nf4 23. Bxf4 exf4 24. Qc3 Qe7 25. Nf3 c5 26. h4 Qd7 27. Kh2
Re2 28. Rc2 Rde8 29. Rg1 R8e3 30. Qxe3 fxe3+ 31. Kg2 Rxf2+ 32. Rxf2 exf2 33.
Kxf2 Qb5 34. Nd2 Bf4 35. Re1 Kf8 36. Bd1 Bxd2 37. Re5 Qxb2 38. Re2 Qd4+ 39. Kf1
Qd3 40. h5 c4 41. g6 hxg6 42. Bc2 Qxc2 43. hxg6 Qf5+ 44. Rf2 Qxg6 45. Ke2 c3
46. Kd1 Qb1+ 47. Ke2 Qe1+ 48. Kf3 c2 0-1

[Event "US Am West 2010"]
[Site "?"]
[Date "2010.05.29"]
[Round "2.39"]
[White "Boyles, James"]
[Black "Cancio, Zak"]
[Result "1-0"]
[WhiteElo "1500"]
[BlackElo "1194"]
[PlyCount "53"]
[EventDate "2010.05.30"]
[SourceDate "2010.05.29"]

1. Nf3 d5 2. g3 Nc6 3. d4 Bf5 4. a3 e6 5. Bg2 Nf6 6. O-O Bd6 7. e3 O-O 8. Nbd2
Re8 9. c4 Bg4 10. c5 Be7 11. b4 e5 12. dxe5 Nxe5 13. Qc2 Nxf3+ 14. Nxf3 Ne4 15.
Bb2 Bf6 16. Nd4 Rc8 17. f3 Bf5 18. fxe4 Bxe4 19. Bxe4 Rxe4 20. Rae1 Qe7 21. Nf5
Qe6 22. Bxf6 gxf6 23. Qf2 b6 24. Qf3 bxc5 25. bxc5 Rb8 26. Nd4 Qe5 27. Nc6 1-0

[Event "US Am West 2010"]
[Site "?"]
[Date "2010.05.30"]
[Round "3.30"]
[White "McManus, Timothy"]
[Black "Mathine, Thomas"]
[Result "1-0"]
[WhiteElo "1375"]
[BlackElo "1541"]
[Annotator "Farmer,Steve"]
[PlyCount "63"]
[EventDate "2010.05.30"]
[SourceDate "2010.05.29"]

1. Nf3 d5 2. d4 c6 3. c4 dxc4 4. Nc3 b5 5. a4 b4 6. Ne4 a5 7. e3 Qd5 8. Ned2
Ba6 9. Qc2 Nd7 10. Bxc4 Bxc4 11. Nxc4 Ngf6 12. O-O e6 13. b3 c5 14. Bb2 cxd4
15. Bxd4 Bc5 16. Rac1 O-O 17. Rfd1 Qe4 18. Bxf6 Qxc2 19. Rxc2 Nxf6 20. Rdc1 Ne4
21. Ncd2 Nxd2 22. Nxd2 Be7 23. Rc7 Rfe8 24. Kf1 Kf8 25. Ke2 Red8 26. Rb7 Rab8
27. Rcc7 Rxb7 28. Rxb7 Ra8 29. Kd3 h6 30. Nc4 Rd8+ 31. Kc2 Rd5 32. Rb5 {
Score incorrect - White went on to win in a couple more moves.} 1-0

[Event "US Am West 2010"]
[Site "?"]
[Date "2010.05.30"]
[Round "3.29"]
[White "Semmens, Jeff"]
[Black "Sauer, Michael"]
[Result "1-0"]
[WhiteElo "1590"]
[BlackElo "1433"]
[Annotator "Farmer,Steve"]
[PlyCount "120"]
[EventDate "2010.05.30"]
[SourceDate "2010.05.29"]

1. d4 f5 2. c4 Nf6 3. Bf4 g6 4. Nc3 Bg7 5. Nf3 O-O 6. e3 d6 7. Be2 Qe8 8. Nb5
Na6 9. O-O c6 10. Nc3 Bd7 11. Qb3 Qc8 12. Rac1 Kh8 13. Rfd1 h6 14. c5 dxc5 15.
Bxa6 bxa6 16. dxc5 g5 17. Be5 Ne4 18. Nxe4 fxe4 19. Bxg7+ Kxg7 20. Ne5 Be6 21.
Qc3 Rf6 22. a3 Bd5 23. h3 h5 24. b4 Qe6 25. Nc4 Raf8 26. Rd2 Kg8 27. Na5 Qf7
28. Rcc2 g4 29. hxg4 hxg4 30. Qe5 Qg7 31. Rxd5 cxd5 32. Qxd5+ e6 33. Qxe4 g3
34. f3 Qh6 35. Qg4+ Rg6 36. Qh3 Qxh3 37. gxh3 Rxf3 38. Kg2 Rf7 39. Nc6 Rc7 40.
Ne5 Rg5 41. Nf3 Rd5 42. Kxg3 Rd3 43. Kf4 Rxa3 44. Nd4 e5+ 45. Kxe5 Rxe3+ 46.
Kd6 Ree7 47. c6 Kf7 48. Rf2+ Ke8 49. Ne6 Rxe6+ 50. Kxe6 Rxc6+ 51. Kd5 Rh6 52.
Rf3 Rh4 53. Kc5 Rh5+ 54. Kc6 Rb5 55. Rf4 Rb6+ 56. Kc7 Ke7 57. h4 Ke6 58. h5 Ke5
59. Rh4 Kf5 60. h6 Kg5 1-0

[Event "US Am West 2010"]
[Site "?"]
[Date "2010.05.30"]
[Round "3.25"]
[White "Tan, Raymond"]
[Black "Marstein, Daniel"]
[Result "1-0"]
[WhiteElo "1500"]
[BlackElo "1356"]
[Annotator "Farmer,Steve"]
[PlyCount "45"]
[EventDate "2010.05.30"]
[SourceDate "2010.05.29"]

1. d4 Nf6 2. Nf3 c5 3. e3 e6 4. c4 a6 5. Nc3 b6 6. a4 Bb7 7. d5 exd5 8. cxd5 d6
9. e4 g6 10. Bg5 Bg7 11. Be2 O-O 12. Qd2 Re8 13. O-O Nbd7 14. Rfe1 Qc7 15. Bf1
Ng4 16. h3 Nge5 17. Nxe5 Nxe5 18. f4 Nd7 19. Bd3 Bd4+ 20. Kh1 f6 21. Bh4 Re7
22. Ne2 Rae8 23. Rac1 {Score is inaccurate at this point, White went on to win.
} 1-0

[Event "2010 US Am West"]
[Site "?"]
[Date "2010.05.30"]
[Round "4.4"]
[White "Lebovitz, Laurence"]
[Black "Orlowski, Jesse"]
[Result "1/2-1/2"]
[WhiteElo "1656"]
[BlackElo "1994"]
[Annotator "Farmer,Steve"]
[PlyCount "60"]
[EventDate "2010.05.29"]
[SourceDate "2010.05.29"]

1. f4 e5 2. e4 d5 3. exd5 e4 4. d4 Nf6 5. Bc4 Bd6 6. Ne2 O-O 7. O-O Re8 8. Qe1
c6 9. dxc6 Nxc6 10. c3 Qc7 11. Bb3 Bg4 12. Be3 Ne7 13. h3 Bd7 14. Nd2 b5 15. c4
Nf5 16. Ng3 Nxg3 17. Qxg3 Bb4 18. Rfd1 Bxd2 19. Rxd2 bxc4 20. Rc2 Be6 21. Rac1
Qa5 22. Bxc4 Bxc4 23. Rxc4 Qxa2 24. Qf2 Nd5 25. b4 Qb3 26. Bd2 a5 27. bxa5 e3
28. Qf3 Qb8 29. Be1 Nxf4 30. Bg3 Ne2+ 1/2-1/2

[Event "2010 US Am West"]
[Site "?"]
[Date "2010.05.30"]
[Round "4.15"]
[White "Wright, John"]
[Black "Schucker, Thomas"]
[Result "1/2-1/2"]
[WhiteElo "1810"]
[BlackElo "1662"]
[PlyCount "63"]
[EventDate "2010.05.29"]
[SourceDate "2010.05.29"]

1. Nf3 c5 2. g3 Nc6 3. c4 Nf6 4. d4 cxd4 5. Nxd4 g6 6. Bg2 Bg7 7. O-O O-O 8.
Nc3 Qb6 9. e3 d6 10. b3 a6 11. Bb2 Qc7 12. Rc1 Bd7 13. Nd5 Qd8 14. Nxc6 Bxc6
15. Nxf6+ Bxf6 16. Bxf6 exf6 17. Bd5 Qe7 18. Qf3 Rac8 19. Rfd1 Rfd8 20. Rd4
Bxd5 21. Rxd5 Rc5 22. Rcd1 b5 23. cxb5 axb5 24. b4 Rc2 25. Rxb5 Rxa2 26. Qd5
Ra7 27. Rb6 Rad7 28. b5 Kg7 29. Rc6 Qe5 30. b6 Qb2 31. Qa5 d5 32. Rc7 1/2-1/2